01066nam a2200229 a 4500008004100000020001800041050001700059100002400076245023800100260004800338300003500386490003700421650001400458650003700472650001700509650001400526700002000540700002400560995010200584999001700686952013300703200710s2019 ||||||||||||||||| || u a9781108471596 aQB 1. I6 Int aValls-Gabaud, David10aUnder one sky : the IAU Centenary Symposium : proceedings of the 349th Symposium of the International Astronomical Union held in Vienna, Austria 28-31 August, 2018cEdited by Christiaan Sterken, John Hearnshaw and David Vallsi Gabaud aCambridgebCambridge University Pressc2019 axii, 542 pages : illustrations aIAU Symposium proceedings series aASTRONOMY aINTERNATIONAL ASTRONOMICAL UNION aASTROPHYSICS aCOSMOLOGY aHearnshaw, John aSterken, Christiaan D112.10FCBU-MAIN LIBRARY (Kitwe)M1UAVAILABLEWJul 17, 2020ZMain Library Open Access Collection c60627d60627 00102lcc4070a001b001cMain Library Open Access Collectiond2022-11-30l0oQB 1. I6 Intp750297r2022-11-30w2022-11-30y002